| 000 | 00644nam a22001697a 4500 | ||
|---|---|---|---|
| 003 | AUA.1 | ||
| 005 | 20251015094735.0 | ||
| 008 | 250701b |||||||| |||| 00| 0 eng d | ||
| 040 | _cJTL | ||
| 100 | _aNwaka, Ejii Promisen | ||
| 245 |
_aHealth seeking behaviours among Babcock University Teaching Hospital care seekers: Religio-socio-demographic implications for wholistic care / _cEjii Promisen Nwaka. |
||
| 260 | _cc2023. | ||
| 300 |
_aix, 53 leaves : _bIllustrations : _c30cm. |
||
| 650 | _aChaplains, Hospital | ||
| 650 |
_aBabcock University Teaching Hospital, Nigeria _xChaplains |
||
| 942 |
_2aua _cPROJECT _hMChap _i.N83 2023 |
||
| 999 |
_c25133 _d25133 |
||